[Event "Mem op Francisco Codes 12th"]
[Site "Madrid"]
[Date "2018.06.10"]
[Round "9.17"]
[White "Ramirez Nebot, Eneas"]
[Black "Chasiluisa Diaz, Andres S"]
[Result "0-1"]
[WhiteElo "1238"]
[BlackElo "1261"]
[PlyCount "76"]
[EventDate "2018.04.08"]
[EventType "swiss"]
[EventRounds "9"]
[EventCountry "ESP"]
[SourceTitle "EXT 2024"]
[Source "ChessBase"]
[SourceDate "2023.10.10"]
[SourceVersion "1"]
[SourceVersionDate "2023.10.10"]
[SourceQuality "1"]

1. e4 d5 2. exd5 Qxd5 3. Nc3 Qa5 4. d4 Nf6 5. Nf3 Bg4 6. Bd2 c6 7. Bc4 Nbd7 8. Ne4 Qc7 9. Nxf6+ Nxf6 10. Bxf7+ Kxf7 11. Ne5+ Qxe5+ 12. dxe5 Bxd1 13. Rxd1 Nd5 14. c4 Nb6 15. b3 e6 16. f4 Rd8 17. 0-0 Be7 18. Be3 Rhf8 19. Bd4 c5 20. Be3 Kg8 21. g4 Nd7 22. Rd2 b6 23. f5 Nxe5 24. Rg2 Rd3 25. Bc1 Nf3+ 26. Kh1 Nh4 27. Rgf2 exf5 28. g5 Bd6 29. Bf4 Be7 30. Re2 Bd8 31. Rfe1 Nf3 32. Rf1 Nxg5 33. h4 Rh3+ 34. Kg2 Rxh4 35. Bd6 Rg4+ 36. Kh2 Rf6 37. Re8+ Kf7 38. Rxd8 Rh6# 0-1

[Event "Mem op Francisco Codes 12th"]
[Site "Madrid"]
[Date "2018.05.06"]
[Round "4.11"]
[White "Ramirez Nebot, Eneas"]
[Black "Murciano Cespedosa, Antonio"]
[Result "0-1"]
[WhiteElo "1238"]
[BlackElo "1682"]
[PlyCount "74"]
[EventDate "2018.04.08"]
[EventType "swiss"]
[EventRounds "9"]
[EventCountry "ESP"]
[SourceTitle "EXT 2024"]
[Source "ChessBase"]
[SourceDate "2023.10.10"]
[SourceVersion "1"]
[SourceVersionDate "2023.10.10"]
[SourceQuality "1"]

1. e4 e5 2. Nf3 Nc6 3. Bb5 d6 4. c3 Bd7 5. Ba4 Nf6 6. d3 Be7 7. 0-0 0-0 8. Re1 Ng4 9. h3 Nf6 10. d4 exd4 11. cxd4 Nb4 12. Bb3 Bb5 13. Re3 c5 14. a3 Nc6 15. d5 Na5 16. Ba2 Rc8 17. Nc3 Ba6 18. a4 Nd7 19. Nb5 Qb6 20. Qe2 Bf6 21. Rb1 c4 22. Bd2 Bxb5 23. axb5 Qxb5 24. Bxa5 Qxa5 25. Ra3 Qc5 26. Rc1 c3 27. Nd2 Qb4 28. Rb3 Qa4 29. Ra3 cxd2 30. Qxd2 Rxc1+ 31. Qxc1 Qxe4 32. Rxa7 Nc5 33. Qd2 Re8 34. Kf1 Nd3 35. Kg1 Qd4 36. Qa5 Qxf2+ 37. Kh1 Qf1+ 0-1

[Event "Madrid San Viator op-B 29th"]
[Site "Madrid"]
[Date "2017.11.01"]
[Round "7"]
[White "Ramirez Nebot, Eneas"]
[Black "Del Alamo Fajardo, Fernando"]
[Result "0-1"]
[WhiteElo "1097"]
[BlackElo "1383"]
[PlyCount "132"]
[EventDate "2017.09.17"]
[EventType "swiss"]
[EventRounds "9"]
[EventCountry "ESP"]
[SourceTitle "EXT 2019"]
[Source "ChessBase"]
[SourceDate "2018.10.10"]
[SourceVersion "1"]
[SourceVersionDate "2018.10.10"]
[SourceQuality "1"]

1. e4 e5 2. Nf3 Nc6 3. Bb5 a6 4. Ba4 b5 5. Bb3 h6 6. c3 Nf6 7. d3 Bc5 8. 0-0 0-0 9. Re1 d6 10. Nbd2 Bg4 11. h3 Bh5 12. Nf1 Re8 13. Be3 Bxe3 14. Nxe3 Ne7 15. g4 Bg6 16. Nh4 Bh7 17. Nef5 Bxf5 18. exf5 c5 19. Rc1 Nc6 20. a3 d5 21. Qf3 e4 22. dxe4 dxe4 23. Qf4 Ne5 24. Bc2 Nd3 25. Bxd3 Qxd3 26. Kh2 Nd5 27. Qg3 Qxg3+ 28. Kxg3 Rad8 29. Ng2 Re7 30. Ne3 Nxe3 31. Rxe3 Rd3 32. Rce1 Kf8 33. Kf4 Rd2 34. R1e2 Rd3 35. Rxe4 Rxe4+ 36. Rxe4 Rd2 37. b4 cxb4 38. axb4 Rxf2+ 39. Kg3 Rc2 40. Re3 Rd2 41. Kf4 Rf2+ 42. Kg3 Rf1 43. Kg2 Rf4 44. Kg3 Rc4 45. Kf3 g6 46. fxg6 fxg6 47. Re4 Rxc3+ 48. Kf4 Rxh3 49. Re6 g5+ 50. Kf5 Rf3+ 51. Kg6 Rf4 52. Rxa6 Rxb4 53. Kf6 Rf4+ 54. Kg6 Rxg4 55. Kxh6 b4 56. Rb6 Ke7 57. Kh5 Rd4 58. Kxg5 Rd5+ 59. Kf4 Rd4+ 60. Ke3 Rh4 61. Kd3 Kd7 62. Kc2 Kc7 63. Rb5 Kc6 64. Rb8 Kc5 65. Kb3 Rh3+ 66. Ka4 Ra3# 0-1

[Event "Madrid San Viator op-B 29th"]
[Site "Madrid"]
[Date "2017.10.22"]
[Round "5"]
[White "Ramirez Nebot, Eneas"]
[Black "Torrecillas Adan, Luis"]
[Result "1-0"]
[WhiteElo "1097"]
[BlackElo "1466"]
[PlyCount "79"]
[EventDate "2017.09.17"]
[EventType "swiss"]
[EventRounds "9"]
[EventCountry "ESP"]
[SourceTitle "EXT 2019"]
[Source "ChessBase"]
[SourceDate "2018.10.10"]
[SourceVersion "1"]
[SourceVersionDate "2018.10.10"]
[SourceQuality "1"]

1. e4 e5 2. Nf3 Nc6 3. Bb5 Nge7 4. c3 a6 5. Ba4 b5 6. Bb3 h6 7. 0-0 Bb7 8. Re1 Ng6 9. d4 d6 10. Nbd2 Be7 11. Nf1 0-0 12. Ng3 Bc8 13. Nf5 Bxf5 14. exf5 Nh4 15. Nxh4 Bxh4 16. g3 Bf6 17. Qh5 d5 18. Qg4 Kh7 19. Be3 Re8 20. Rad1 e4 21. h4 Ne7 22. Qh3 Qd7 23. g4 Ng8 24. g5 Bd8 25. g6+ Kh8 26. gxf7 Qxf7 27. Kh1 Ne7 28. Bf4 Nxf5 29. h5 c6 30. f3 exf3 31. Rxe8+ Qxe8 32. Qxf5 f2 33. Be5 Bh4 34. Bc2 Qg8 35. Kg2 Rf8 36. Qg6 f1Q+ 37. Rxf1 Rxf1 38. Kxf1 Qf8+ 39. Bf5 Qg8 40. Qxh6+ 1-0

[Event "Madrid San Viator op-B 29th"]
[Site "Madrid"]
[Date "2017.10.01"]
[Round "3"]
[White "Pastor Diaz, David"]
[Black "Ramirez Nebot, Eneas"]
[Result "0-1"]
[WhiteElo "1323"]
[BlackElo "1097"]
[PlyCount "62"]
[EventDate "2017.09.17"]
[EventType "swiss"]
[EventRounds "9"]
[EventCountry "ESP"]
[SourceTitle "EXT 2019"]
[Source "ChessBase"]
[SourceDate "2018.10.10"]
[SourceVersion "1"]
[SourceVersionDate "2018.10.10"]
[SourceQuality "1"]

1. c4 c6 2. Nc3 d5 3. e3 Nf6 4. Nf3 Bg4 5. Be2 e6 6. cxd5 cxd5 7. 0-0 Bd6 8. b3 0-0 9. Bb2 a6 10. Re1 Nbd7 11. Qc2 Qc7 12. g3 Bf5 13. Qd1 b5 14. d4 Rac8 15. Rc1 Qb7 16. Nh4 Bh3 17. Bf1 Bg4 18. f3 Bh5 19. g4 Bg6 20. Nxg6 fxg6 21. f4 Qb8 22. g5 Nh5 23. Rc2 Rf7 24. Bc1 Bb4 25. Bxb5 axb5 26. Nxb5 Rxc2 27. Qxc2 Bxe1 28. Nc7 Qc8 29. Ba3 Nb8 30. Bd6 Bb4 31. Be5 Ba5 0-1

[Event "Madrid San Viator op-B 29th"]
[Site "Madrid"]
[Date "2017.09.24"]
[Round "2"]
[White "Ramirez Nebot, Eneas"]
[Black "Garcia Martin, Javier"]
[Result "0-1"]
[WhiteElo "1097"]
[BlackElo "1532"]
[PlyCount "80"]
[EventDate "2017.09.17"]
[EventType "swiss"]
[EventRounds "9"]
[EventCountry "ESP"]
[SourceTitle "EXT 2019"]
[Source "ChessBase"]
[SourceDate "2018.10.10"]
[SourceVersion "1"]
[SourceVersionDate "2018.10.10"]
[SourceQuality "1"]

1. e4 c5 2. Nf3 d6 3. d4 cxd4 4. Nxd4 Nf6 5. Nc3 a6 6. Bg5 e6 7. f4 Be7 8. Qf3 Qc7 9. 0-0-0 0-0 10. g4 Nc6 11. Bxf6 Bxf6 12. Nxc6 Qxc6 13. Rd3 b5 14. Qh3 Bxc3 15. Rxc3 Qxe4 16. Bd3 Qxh1+ 17. Kd2 g6 18. Be2 Bb7 19. Qh4 Kg7 20. Rh3 Rh8 21. f5 Qd5+ 22. Bd3 exf5 23. gxf5 Qg2+ 24. Be2 Qd5+ 25. Bd3 Qe5 26. Re3 Qf6 27. Qh3 Rae8 28. Rg3 Be4 29. Qg4 Bxd3 30. Rxd3 Rd8 31. h4 Qxf5 32. Qd4+ Qf6 33. Qg4 h5 34. Qg3 Rhe8 35. c3 Re4 36. Rf3 Qe5 37. Qf2 Rd7 38. b4 Re7 39. Kd3 Qd5+ 40. Qd4+ Rxd4+ 0-1

[Event "Collado Villalba op-B 34th"]
[Site "Collado Villalba"]
[Date "2017.08.27"]
[Round "6"]
[White "Ramirez Nebot, Eneas"]
[Black "Gijon Molina, Carlos"]
[Result "1-0"]
[WhiteElo "1097"]
[BlackElo "1189"]
[PlyCount "53"]
[EventDate "2017.08.22"]
[EventType "swiss"]
[EventRounds "9"]
[EventCountry "ESP"]
[SourceTitle "CBM 180 Extra"]
[Source "ChessBase"]
[SourceDate "2017.10.06"]
[SourceVersion "1"]
[SourceVersionDate "2017.10.06"]
[SourceQuality "1"]

1. e4 c5 2. Nf3 Nc6 3. Bb5 e6 4. Bxc6 bxc6 5. d4 d5 6. e5 cxd4 7. Nxd4 Bb7 8. Nc3 Bb4 9. Bd2 a5 10. Nce2 Qb6 11. a3 Bxd2+ 12. Qxd2 Qxb2 13. Nb3 a4 14. 0-0 axb3 15. Qb4 0-0-0 16. Nd4 c5 17. Qxc5+ Kb8 18. Rfb1 Qc1+ 19. Rxc1 b2 20. Rab1 bxc1Q+ 21. Rxc1 f6 22. Rb1 Rd7 23. Nc6+ Kc8 24. Na5+ Kb8 25. Qf8+ Ka7 26. Nc6+ Ka6 27. Nb8+ 1-0

[Event "Collado Villalba op-B 34th"]
[Site "Collado Villalba"]
[Date "2017.08.23"]
[Round "2"]
[White "Olmedo Aznar, Eduardo"]
[Black "Ramirez Nebot, Eneas"]
[Result "1-0"]
[WhiteElo "1542"]
[BlackElo "1097"]
[PlyCount "51"]
[EventDate "2017.08.22"]
[EventType "swiss"]
[EventRounds "9"]
[EventCountry "ESP"]
[SourceTitle "CBM 180 Extra"]
[Source "ChessBase"]
[SourceDate "2017.10.06"]
[SourceVersion "1"]
[SourceVersionDate "2017.10.06"]
[SourceQuality "1"]

1. e4 e6 2. d3 d5 3. Nd2 Nc6 4. Ngf3 Nf6 5. g3 Bc5 6. Bg2 b6 7. c3 e5 8. 0-0 Bg4 9. Qa4 Qd7 10. exd5 Nxd5 11. Nxe5 Nxe5 12. Qxd7+ Kxd7 13. Bxd5 Rae8 14. d4 Bxd4 15. cxd4 Nd3 16. Bf3 Bh3 17. Bg2 Bg4 18. Nf3 f6 19. Rd1 Bf5 20. Nh4 Bg4 21. f3 Re1+ 22. Rxe1 Nxe1 23. fxg4 Re8 24. Nf5 Nc2 25. Rb1 Re2 26. Bf1 1-0

[Event "Collado Villalba op-B 34th"]
[Site "Collado Villalba"]
[Date "2017.08.22"]
[Round "1"]
[White "Ramirez Nebot, Eneas"]
[Black "Fernandez Martinez, Luis"]
[Result "0-1"]
[WhiteElo "1097"]
[BlackElo "1634"]
[PlyCount "71"]
[EventDate "2017.08.22"]
[EventType "swiss"]
[EventRounds "9"]
[EventCountry "ESP"]
[SourceTitle "CBM 180 Extra"]
[Source "ChessBase"]
[SourceDate "2017.10.06"]
[SourceVersion "1"]
[SourceVersionDate "2017.10.06"]
[SourceQuality "1"]

1. e4 e5 2. Nf3 Nc6 3. Bb5 a6 4. Ba4 Nf6 5. d3 b5 6. Bb3 h6 7. c3 d6 8. 0-0 Be7 9. Re1 0-0 10. Nbd2 Bg4 11. h3 Bd7 12. d4 exd4 13. cxd4 Qc8 14. Nf1 Re8 15. Ng3 Nh7 16. a3 Bf6 17. d5 Ne5 18. Nd4 Ng6 19. Ndf5 Nh4 20. Nxh4 Bxh4 21. Nh5 Nf6 22. Nf4 Nxe4 23. Be3 g5 24. Qh5 gxf4 25. Bd4 Bg5 26. h4 Bg4 27. Rxe4 Rxe4 28. Bc2 Bxh5 29. Bxe4 Bxh4 30. f3 f5 31. Bd3 Bg3 32. b4 Qd7 33. Rc1 Re8 34. Bc3 Re3 35. Rd1 Bf7 36. Bd4 0-1